Tour de France 2012 stage winners - Statistics

General Stats
  • This quiz has been taken 69 times
  • The average score is 17 of 21
Answer Stats
Stage Type Country Winner % Correct
10 Time trial UK Bradley Wiggins
96%
20 Time trial UK Bradley Wiggins
96%
8 Hilly UK Chris Froome
96%
3 Flat UK Mark Cavendish
96%
19 Flat UK Mark Cavendish
96%
21 Flat UK Mark Cavendish
96%
2 Flat Slovakia Peter Sagan
96%
4 Hilly Slovakia Peter Sagan
96%
7 Flat Slovakia Peter Sagan
96%
1 Time trial Switzerland Fabian Cancellara
95%
5 Flat Germany Andre Greipel
93%
6 Flat Germany Andre Greipel
93%
14 Flat Germany Andre Greipel
93%
9 Hilly France Thibaut Pinot
78%
18 Mountain Spain Alejandro Valverde
76%
11 Mountain France Thomas Voeckler
76%
17 Mountain France Thomas Voeckler
76%
12 Mountain France Pierre Rolland
64%
15 Mountain Spain Luis Leon Sanchez
51%
16 Flat France Pierrick Fedrigo
40%
13 Hilly UK David Millar
35%
No matching quizzes found
Score Distribution
Percent of People with Each Score
Percentile by Number Answered
Your Score History
You have not taken this quiz